| 000 | 00542cam a22001217a 4500 | ||
|---|---|---|---|
| 008 | 180718b1996 xxu||||| |||| 00| 0 eng d | ||
| 082 | _aPROJ.REP. 1996/WIS | ||
| 100 | _aWishwakarma, R.K. | ||
| 245 |
_aEmergency health care load in selected hospitals of Delhi: consultancy sponsored by the ministry of health & family welfare government of India and the world health organisation _cby R.K. Wishwakarma, et.al. |
||
| 260 |
_aNew Delhi _bIndian Institute of Public Administration _c1996 |
||
| 300 | _a128p. | ||
| 440 | _aIIPA Working Paper, 1996: 8 | ||
| 999 |
_c492325 _d492325 |
||